书目信息 |
| 题名: |
摩登上海
|
|
| 作者: | 悠悠 撰文 ;刘圣辉 摄影 | |
| 分册: | ||
| 出版信息: | 沈阳 辽宁科学技术出版社 2005.7 |
|
| 页数: | 318页 | |
| 开本: | 31cm | |
| 丛书名: | ||
| 单 册: | ||
| 中图分类: | TU238-64 | |
| 科图分类: | ||
| 主题词: | 室内设计--shi nei she ji--上海市--现代--图集 | |
| 电子资源: | ||
| ISBN: | 7-5381-4492-7 | |
| 000 | 00993nam0 2200265 450 | |
| 001 | 012006000000 | |
| 005 | 20061031151722.39 | |
| 010 | @a7-5381-4492-7@b精装@dCNY258.00 | |
| 100 | @a20060103d2005 em y0chiy0121 ea | |
| 101 | 0 | @achi@aeng |
| 102 | @aCN@b210000 | |
| 105 | @aa z 001yy | |
| 200 | 1 | @a摩登上海@Amo deng shang hai@e上海最炫室内设计@e[英汉对照]@d= The constellation of interior designs Shanghai@f[悠悠撰文]@g[刘圣辉摄影]@zeng |
| 210 | @a沈阳@c辽宁科学技术出版社@d2005.7 | |
| 215 | @a318页@d31cm | |
| 330 | @a本书介绍了苏河咖啡酒吧、艺素馆、汇元坊、瑰魅俱乐部、浪莎音乐城、上海歌城等建设的室内设计。 | |
| 510 | 1 | @aThe constellation of interior designs Shanghai@zeng |
| 517 | 1 | @a上海最炫室内设计@Ashang hai zui xuan shi nei she ji |
| 606 | 0 | @a室内设计@Ashi nei she ji@y上海市@z现代@j图集 |
| 690 | @aTU238-64@v4 | |
| 701 | 0 | @a悠悠@Ayou you@4撰文 |
| 702 | 0 | @a刘圣辉@Aliu sheng hui@4摄影 |
| 801 | 0 | @aCN@c20061031 |
| 905 | @a10447@dTU238-64@eY662 | |
| 999 | @aBL | |
| 摩登上海:上海最炫室内设计:[英汉对照]= The constellation of interior designs Shanghai/[悠悠撰文]/[刘圣辉摄影].-沈阳:辽宁科学技术出版社,2005.7 |
| 318页;31cm |
| ISBN 7-5381-4492-7(精装):CNY258.00 |
| 本书介绍了苏河咖啡酒吧、艺素馆、汇元坊、瑰魅俱乐部、浪莎音乐城、上海歌城等建设的室内设计。 |
| ● |
| 相关链接 |
|
|
|
正题名:摩登上海
索取号:TU238-64/Y662
 
预约/预借
| 序号 | 登录号 | 条形码 | 馆藏地/架位号 | 状态 | 备注 |
| 1 | 632225 | 206322255 | 建筑库101/101建筑库 54排6列4层/ [索取号:TU238-64/Y662] | 在馆 |